Normal view
MARC view
- Política ambiental
Entry Materia
001 - NÚMERO DE CONTROL DEL REGISTRO
- campo de control: 1372
003 - IDENTIFICADOR DE NUMERO DE CONTROL
- campo de control: UPN
005 - FECHA Y HORA DE LA ÚLTIMA TRANSACCIÓN
- campo de control: 20240924112024.0
008 - DATOS DE LONGITUD FIJA
- campo de control de longitud fija: 220815n|bacznnbabn | ana |d
035 ## - NÚMERO DE CONTROL DEL SISTEMA
- Número de control del sistema: UPN10000001372
040 ## - FUENTE DE LA CATALOGACIÓN
- Agencia de transcripción: UPN
- Lengua de catalogación: spa
- Centro catalogador de origen: UPN
046 ## - FECHAS CON CODIFICACIÓN ESPECIAL
- Fecha final para contenidos agregados: 2022
053 #4 - NÚMERO CLASIFICADOR - BIBLIOTECA DEL CONGRESO (LC)
- Elemento numérico de la clasificación - Número único o no. inicial del rango: HC140 E5
150 ## - ENCABEZAMIENTO - TEMÁTICO
- Término de materia o nombre geográfico como elemento inicial: Política ambiental
- Subdivisión geográfica: México
670 ## - FUENTE EN LA QUE SE LOCALIZARON DATOS
- Cita de la fuente: E
- Información localizada: Política ambiental - Estados Unidos
902 ## - CATALOGADOR
- Catalogador: PN/201094
